| 000 | 00692nam a22002177a 4500 | ||
|---|---|---|---|
| 003 | OSt | ||
| 005 | 20131213132047.0 | ||
| 007 | ta | ||
| 008 | 131030s1975 m ||||| |||| 00| 0 spa d | ||
| 040 |
_cCDMR _bcat |
||
| 100 | 1 |
_94198 _aMarx, Karl _d1818-1883 |
|
| 245 | 1 | 0 |
_aPeriodismo revolucionario _cCarlos Marx, Federico Engels ; versión española de Victoria Pujolar _b: La Neue Rheinische Zeitung |
| 260 |
_aMéxico _bRoca _c1975 |
||
| 300 | _a168 p. | ||
| 490 |
_aColección r _v60 |
||
| 500 | _aRecull d'articles de Marx i Engels. | ||
| 650 | 0 | 4 |
_93470 _aPremsa i política |
| 650 | 0 | 4 |
_9458 _aPolítica _vReculls d'escrits |
| 700 | 1 |
_94199 _aEngels, Friedrich _d1820-1895 |
|
| 942 |
_2udc _cMON |
||
| 999 |
_c6650 _d6650 |
||